00852nam a2200241 a 4500001001000000003000400010005001700014008004100031020001500072040002500087082001800112100003500130245003500165260005900200300002000259650002900279650003100308942001300339952011600352952011300468956001200581999001700593000019175OSt20201001125629.0100527s1993 ag r 000 p spa d a9504347398 aDO-SdBNPbspacBNPHU a861.44bD152a1 aDalter, Eduardo,d1947-94127710aAguas vivas /cEduardo Dalter. aBuenos Aires, Argentina :bEdiciones Del Canto,c1993. a62 p. ;c20 cm. 4aPoesía española9631 4aLiteratura española9632 2ddccLF1 001050718MOaGRbGRcHDd2010-05-27iLF1l0o861.44 D152ap19175-10r2020-06-25w2020-06-25y1ZNo se presta 00112ddc50718MOaGRbGRcMId2017-04-11iLF1l0o861.44 D152ap19175-20r2020-06-25te. 2w2020-06-25y1 aLOPEREZ c18693d18693